[Event "Capablanca Memorial op 53rd"]
[Site "Havana"]
[Date "2018.05.17"]
[Round "8"]
[White "Romero Nunez, Wendy"]
[Black "Avila Pavas, Santiago"]
[Result "0-1"]
[WhiteElo "2130"]
[BlackElo "2227"]
[PlyCount "84"]
[EventDate "2018.05.09"]
[EventType "swiss"]
[EventRounds "10"]
[EventCountry "CUB"]
[SourceTitle "EXT 2021"]
[Source "ChessBase"]
[SourceDate "2020.10.23"]
[SourceVersion "1"]
[SourceVersionDate "2020.10.23"]
[SourceQuality "1"]

1. d4 Nf6 2. c4 c5 3. d5 b5 4. Qc2 b4 5. e4 d6 6. f4 g6 7. Nf3 Bg7 8. Bd3 0-0 9. 0-0 Nbd7 10. a3 a5 11. Nbd2 e5 12. fxe5 Ng4 13. exd6 Ne3 14. Qa4 Nxf1 15. Nxf1 Qf6 16. axb4 cxb4 17. Qb5 Qxd6 18. Rxa5 Rxa5 19. Qxa5 Qc5+ 20. Qxc5 Nxc5 21. Bc2 b3 22. Bd1 Ba6 23. Be3 Nxe4 24. Bxb3 Bxb2 25. Bd4 Bxd4+ 26. Nxd4 Rb8 27. Bc2 Nc5 28. Ne3 Bxc4 29. Nc6 Rb2 30. Bxg6 Bxd5 31. Bxh7+ Kxh7 32. Nxd5 Nd3 33. h3 Rd2 34. Kh2 Kg6 35. Nce7+ Kh5 36. Nf6+ Kh6 37. Ned5 Ne1 38. Nf4 Rd6 39. Ng4+ Kg5 40. Kg3 Ra6 41. h4+ Kf5 42. Nh6+ Rxh6 0-1

[Event "Capablanca Memorial op 53rd"]
[Site "Havana"]
[Date "2018.05.10"]
[Round "2"]
[White "Romero Nunez, Wendy"]
[Black "Fernandez Mayola, Reynold Rafael"]
[Result "0-1"]
[WhiteElo "2130"]
[BlackElo "2265"]
[PlyCount "120"]
[EventDate "2018.05.09"]
[EventType "swiss"]
[EventRounds "10"]
[EventCountry "CUB"]
[SourceTitle "EXT 2019"]
[Source "ChessBase"]
[SourceDate "2018.10.10"]
[SourceVersion "1"]
[SourceVersionDate "2018.10.10"]
[SourceQuality "1"]

1. d4 Nf6 2. c4 c5 3. d5 e6 4. Nc3 exd5 5. cxd5 d6 6. e4 g6 7. h3 Bg7 8. Bd3 0-0 9. Nf3 a6 10. a4 Nbd7 11. 0-0 Re8 12. Re1 Nh5 13. g4 Nhf6 14. Bf4 h5 15. g5 Nh7 16. Qd2 Ne5 17. Nxe5 dxe5 18. Be3 Bxh3 19. Kh2 Bg4 20. Rg1 Bf8 21. Raf1 Bd6 22. f3 Bd7 23. Qg2 Qc7 24. b3 Rab8 25. Qe2 Qd8 26. Rg2 Qe7 27. Bc4 Rec8 28. Bd2 Qe8 29. a5 Qd8 30. Ra1 Bc7 31. Nd1 Qe7 32. Nc3 Kh8 33. Qd3 Rf8 34. Be3 Bd6 35. Qd2 f6 36. Be2 fxg5 37. Bxg5 Nxg5 38. Qxg5 Qxg5 39. Rxg5 Kh7 40. Na4 Bg4 41. Kg3 Bxf3 42. Bxf3 Be7 43. Rxh5+ gxh5 44. Bxh5 Rf4 45. Bg4 Rg8 46. Rh1+ Kg6 47. Bf3 Kf7+ 48. Kf2 Rh4 49. Nb6 Rxh1 50. Bxh1 Bh4+ 51. Kf1 Rg3 52. Nd7 Rxb3 53. Nxe5+ Ke8 54. Nc4 Rb1+ 55. Kg2 Rb4 56. Nd6+ Kd7 57. e5 c4 58. Kh3 c3 59. Ne4 c2 60. Nc5+ Ke8 0-1

[Event "CUB-ch sf (Women)"]
[Site "Holguin"]
[Date "2018.01.16"]
[Round "4"]
[White "Hernandez Gil, Ineymig"]
[Black "Romero Nunez, Wendy"]
[Result "1/2-1/2"]
[WhiteElo "1972"]
[BlackElo "2153"]
[PlyCount "90"]
[EventDate "2018.01.13"]
[EventType "tourn"]
[EventRounds "9"]
[EventCountry "CUB"]
[SourceTitle "EXT 2021"]
[Source "ChessBase"]
[SourceDate "2020.10.23"]
[SourceVersion "1"]
[SourceVersionDate "2020.10.23"]
[SourceQuality "1"]

1. e4 c5 2. Nf3 e6 3. d4 cxd4 4. Nxd4 a6 5. Bd3 Nf6 6. Qe2 d6 7. c4 g6 8. Nc3 Bg7 9. 0-0 0-0 10. h3 Qc7 11. Rd1 b6 12. Nf3 Bb7 13. Bf4 Nh5 14. Be3 Bxc3 15. bxc3 e5 16. Rab1 Nf4 17. Qd2 Nd7 18. Bxf4 exf4 19. Qxf4 Rad8 20. Ng5 Nc5 21. Qh4 f6 22. Nf3 Nxd3 23. Rxd3 Qxc4 24. Rd4 Qc5 25. Rdb4 Rde8 26. Qf4 b5 27. a4 Bc6 28. axb5 axb5 29. Rd4 d5 30. exd5 Bxd5 31. Rbd1 Bb3 32. R1d3 Bc4 33. Rd2 Bb3 34. Rd7 Qxc3 35. Rc7 Qa1+ 36. Kh2 Rf7 37. Rdd7 Ref8 38. Nd4 Bc4 39. Rxf7 Rxf7 40. Rc8+ Kg7 41. Nf5+ gxf5 42. Qg3+ Kh6 43. Qh4+ Kg7 44. Qg3+ Kh6 45. Qh4+ Kg7 1/2-1/2

[Event "CUB-ch sf (Women)"]
[Site "Holguin"]
[Date "2018.01.14"]
[Round "2"]
[White "Romero Nunez, Wendy"]
[Black "Bosch Valls, Leannet Mariah"]
[Result "1-0"]
[WhiteElo "2153"]
[BlackElo "2049"]
[PlyCount "111"]
[EventDate "2018.01.13"]
[EventType "tourn"]
[EventRounds "9"]
[EventCountry "CUB"]
[SourceTitle "EXT 2021"]
[Source "ChessBase"]
[SourceDate "2020.10.23"]
[SourceVersion "1"]
[SourceVersionDate "2020.10.23"]
[SourceQuality "1"]

1. d4 d5 2. Nf3 Nf6 3. c4 c6 4. Nc3 dxc4 5. a4 Bf5 6. e3 e6 7. Bxc4 Bb4 8. 0-0 h6 9. Qe2 Bxc3 10. bxc3 0-0 11. Ba3 Re8 12. Rfd1 Ne4 13. Qb2 Qc7 14. Bd3 Nd7 15. c4 Ndf6 16. Ne5 Nd6 17. Bxd6 Qxd6 18. Bxf5 exf5 19. Qxb7 Qf8 20. Qxc6 Ne4 21. Rdb1 Re6 22. Qd7 a6 23. a5 Rd8 24. Qb7 Qe8 25. Rb6 Nd6 26. Qf3 Rc8 27. c5 Ne4 28. Qe2 Nxc5 29. Nf3 Rxb6 30. axb6 Ne4 31. b7 Rb8 32. Qxa6 Qe7 33. Rb1 Nd6 34. Qa8 Qc7 35. Ne5 Kh7 36. Qxb8 Qxb8 37. Nc6 Qxb7 38. Rxb7 Nxb7 39. Ne7 g6 40. Kf1 Kg7 41. Nd5 f6 42. Ke2 Kf7 43. Kd3 Nd6 44. f3 g5 45. e4 Ke6 46. Nxf6 Kxf6 47. e5+ Ke6 48. exd6 Kxd6 49. Kc4 h5 50. g3 Ke6 51. Kc5 f4 52. gxf4 Kf5 53. fxg5 Kxg5 54. d5 Kf4 55. d6 Kxf3 56. d7 1-0

[Event "CUB-ch (Women)"]
[Site "Pinar del Rio"]
[Date "2014.02.09"]
[Round "5"]
[White "Arribas Robaina, Maritza"]
[Black "Romero Nunez, Wendy"]
[Result "1-0"]
[WhiteElo "2309"]
[BlackElo "2101"]
[PlyCount "79"]
[EventDate "2014.02.05"]
[EventType "tourn"]
[EventRounds "11"]
[EventCountry "CUB"]
[EventCategory "1"]
[SourceTitle "CBM 158 Extra"]
[Source "ChessBase"]
[SourceDate "2014.02.28"]
[SourceVersion "1"]
[SourceVersionDate "2014.02.28"]
[SourceQuality "1"]

1. e4 c5 2. Nf3 e6 3. g3 Nc6 4. Bg2 g6 5. 0-0 Bg7 6. c3 e5 7. d3 d6 8. Nbd2 Nge7 9. Ng5 h6 10. Nh3 Be6 11. f3 Qd7 12. Nf2 0-0 13. a3 a5 14. Nc4 Qc7 15. a4 d5 16. exd5 Nxd5 17. Qe2 Rad8 18. Bd2 Rfe8 19. Rfe1 Kh7 20. Rad1 Re7 21. Ne4 b6 22. Bc1 Red7 23. Nf2 Re7 24. Qc2 Na7 25. Rd2 Bf5 26. Rde2 Nc6 27. h4 Red7 28. Kh2 Nde7 29. f4 Rxd3 30. Be4 Bxe4 31. Rxe4 R3d5 32. fxe5 Nxe5 33. Qe2 N5c6 34. Bf4 Qb7 35. Rxe7 Nxe7 36. Qxe7 R8d7 37. Qe4 Rf5 38. Qxb7 Rxb7 39. Nd6 Rxf4 40. gxf4 1-0

[Event "CUB-ch (Women)"]
[Site "Pinar del Rio"]
[Date "2014.02.06"]
[Round "2"]
[White "Romero Nunez, Wendy"]
[Black "Linares Napoles, Oleiny"]
[Result "1/2-1/2"]
[WhiteElo "2101"]
[BlackElo "2334"]
[PlyCount "48"]
[EventDate "2014.02.05"]
[EventType "tourn"]
[EventRounds "11"]
[EventCountry "CUB"]
[EventCategory "1"]
[SourceTitle "CBM 158 Extra"]
[Source "ChessBase"]
[SourceDate "2014.02.28"]
[SourceVersion "1"]
[SourceVersionDate "2014.02.28"]
[SourceQuality "1"]

1. d4 d5 2. c4 e6 3. Nc3 c5 4. e3 Nf6 5. Nf3 Nc6 6. a3 a6 7. dxc5 Bxc5 8. b4 Ba7 9. Bb2 dxc4 10. Bxc4 b5 11. Qxd8+ Kxd8 12. Be2 Bb7 13. 0-0 Ke7 14. a4 Nxb4 15. axb5 axb5 16. Nxb5 Bc5 17. Rfc1 Rxa1 18. Bxa1 Rc8 19. Bd4 Bxd4 20. Rxc8 Bxc8 21. Nbxd4 Bb7 22. Ne5 Nd7 23. Nxd7 Kxd7 24. h4 Ke7 1/2-1/2

[Event "Capablanca Memorial op-A 48th"]
[Site "Havana"]
[Date "2013.05.01"]
[Round "10"]
[White "Romero Nunez, Wendy"]
[Black "Infante Machin, Brian Jose"]
[Result "1/2-1/2"]
[WhiteElo "2107"]
[BlackElo "2177"]
[PlyCount "22"]
[EventDate "2013.04.21"]
[EventType "swiss"]
[EventRounds "10"]
[EventCountry "CUB"]
[SourceTitle "CBM 154 Extra"]
[Source "ChessBase"]
[SourceDate "2013.06.25"]
[SourceVersion "2"]
[SourceVersionDate "2013.06.25"]
[SourceQuality "1"]

1. d4 Nf6 2. c4 e6 3. Nf3 Bb4+ 4. Bd2 Qe7 5. a3 Bxd2+ 6. Qxd2 d5 7. e3 0-0 8. Nc3 b6 9. Bd3 Bb7 10. 0-0 dxc4 11. Bxc4 Nd5 1/2-1/2

[Event "Capablanca Memorial op-A 48th"]
[Site "Havana"]
[Date "2013.04.22"]
[Round "2"]
[White "Gutierrez Delgado, Yusuan Alfredo"]
[Black "Romero Nunez, Wendy"]
[Result "1/2-1/2"]
[WhiteElo "2335"]
[BlackElo "2107"]
[PlyCount "69"]
[EventDate "2013.04.21"]
[EventType "swiss"]
[EventRounds "10"]
[EventCountry "CUB"]
[SourceTitle "CBM 154 Extra"]
[Source "ChessBase"]
[SourceDate "2013.06.25"]
[SourceVersion "2"]
[SourceVersionDate "2013.06.25"]
[SourceQuality "1"]

1. d4 d5 2. Nf3 Nf6 3. c4 c6 4. Nc3 e6 5. Bg5 Nbd7 6. e3 Be7 7. Bd3 0-0 8. 0-0 dxc4 9. Bxc4 Nd5 10. Bxe7 Qxe7 11. Rc1 Nxc3 12. Rxc3 e5 13. Bb3 e4 14. Nd2 Nf6 15. Qb1 Re8 16. Rc5 Bg4 17. Re5 Qb4 18. Nxe4 Rxe5 19. Nxf6+ gxf6 20. dxe5 Be2 21. e6 Bxf1 22. exf7+ Kg7 23. Qxf1 Rd8 24. Qe2 Rd2 25. Qf3 Rd5 26. h4 Rd8 27. e4 a5 28. h5 Qd2 29. Qg3+ Qg5 30. Qc7 Rf8 31. a4 Qc1+ 32. Kh2 Qg5 33. Kg1 Qc1+ 34. Kh2 Qg5 35. Kg1 1/2-1/2

[Event "Capablanca Memorial op-A 46th"]
[Site "Havana"]
[Date "2011.05.20"]
[Round "9"]
[White "Vigoa Apecheche, Yanira"]
[Black "Romero Nunez, Wendy"]
[Result "1-0"]
[WhiteElo "2279"]
[BlackElo "2132"]
[PlyCount "65"]
[EventDate "2011.05.11"]
[EventType "swiss"]
[EventRounds "10"]
[EventCountry "CUB"]
[SourceTitle "CBM 142 Extra"]
[Source "ChessBase"]
[SourceDate "2011.06.27"]
[SourceVersion "1"]
[SourceVersionDate "2011.06.27"]
[SourceQuality "1"]

1. d4 d5 2. Nf3 Nf6 3. c4 c6 4. Nc3 e6 5. e3 Nbd7 6. Ne5 Ne4 7. Nxe4 dxe4 8. Nxd7 Bxd7 9. Bd2 Qg5 10. Qc2 Qf5 11. Bc3 Be7 12. 0-0-0 b5 13. f3 exf3 14. Qxf5 exf5 15. gxf3 b4 16. Bd2 0-0-0 17. c5 a5 18. a3 bxa3 19. bxa3 a4 20. Bd3 Kb7 21. Bc3 Bg5 22. f4 Bf6 23. Kd2 Ra8 24. Rb1+ Kc7 25. Rb6 g6 26. Rhb1 Be6 27. Rb7+ Kc8 28. Ba6 Bb3 29. R7xb3+ Rxa6 30. Rb8+ Kd7 31. R1b7+ Ke6 32. Rxh8 Bxh8 33. d5+ 1-0

[Event "Capablanca Memorial op-A 46th"]
[Site "Havana"]
[Date "2011.05.19"]
[Round "8"]
[White "Romero Nunez, Wendy"]
[Black "Castellanos Sanchez, Carlos Manuel"]
[Result "0-1"]
[WhiteElo "2132"]
[BlackElo "2293"]
[PlyCount "96"]
[EventDate "2011.05.11"]
[EventType "swiss"]
[EventRounds "10"]
[EventCountry "CUB"]
[SourceTitle "CBM 142 Extra"]
[Source "ChessBase"]
[SourceDate "2011.06.27"]
[SourceVersion "1"]
[SourceVersionDate "2011.06.27"]
[SourceQuality "1"]

1. d4 c5 2. d5 g6 3. c4 Bg7 4. e4 d6 5. Nf3 e5 6. Bd3 Na6 7. a3 Nf6 8. Nc3 0-0 9. 0-0 Nh5 10. Re1 Nc7 11. b4 b6 12. Rb1 f5 13. Nb5 Nxb5 14. cxb5 f4 15. Be2 Nf6 16. Ng5 Qe7 17. Bc4 Ng4 18. Nf3 cxb4 19. Rxb4 h5 20. h3 Nh6 21. Nd2 Nf7 22. Be2 Ng5 23. Rb3 Bd7 24. a4 Rf6 25. Ba3 Raf8 26. Kh2 Bh6 27. f3 Nf7 28. Rc3 Bg5 29. Qb3 Bh4 30. Rec1 Bf2 31. Rc7 Ra8 32. R7c2 g5 33. Nf1 Rg6 34. Bd1 Bd4 35. Rc7 Kg7 36. Bb2 Bc5 37. Ba3 Qd8 38. Rc6 g4 39. fxg4 hxg4 40. Bxc5 gxh3 41. gxh3 bxc5 42. Bh5 Rh6 43. Bxf7 Bxh3 44. Rc3 Bxf1+ 45. Kg1 Qg5+ 46. Kxf1 Rh1+ 47. Ke2 Qg2+ 48. Kd3 Qf1+ 0-1

[Event "Capablanca Memorial op-A 46th"]
[Site "Havana"]
[Date "2011.05.15"]
[Round "5"]
[White "Tovio, Israel"]
[Black "Romero Nunez, Wendy"]
[Result "1-0"]
[WhiteElo "2297"]
[BlackElo "2132"]
[PlyCount "73"]
[EventDate "2011.05.11"]
[EventType "swiss"]
[EventRounds "10"]
[EventCountry "CUB"]
[SourceTitle "CBM 142 Extra"]
[Source "ChessBase"]
[SourceDate "2011.06.27"]
[SourceVersion "1"]
[SourceVersionDate "2011.06.27"]
[SourceQuality "1"]

1. e4 c6 2. d4 d5 3. Nc3 g6 4. h3 Bg7 5. Nf3 Nh6 6. Bd3 0-0 7. 0-0 dxe4 8. Nxe4 Nf5 9. c3 Qc7 10. Re1 Nd7 11. Qe2 Nf6 12. Nxf6+ exf6 13. g4 Nd6 14. Bf4 Be6 15. Nd2 Qd7 16. Qf3 Bd5 17. Qg3 Nc8 18. Re2 Nb6 19. Rae1 Rfe8 20. c4 Be6 21. Qe3 Red8 22. Nb3 Nxc4 23. Qc1 Nb6 24. Nc5 Qxd4 25. Be3 Qd5 26. Be4 Qe5 27. Nxb7 Rdc8 28. Bf4 Qd4 29. Nd6 Nc4 30. Nxc8 Rxc8 31. Rd1 Qb6 32. b3 Ne5 33. Bxe5 fxe5 34. Rd6 Qb5 35. Bd3 Qb6 36. Bc4 Qc5 37. Rxe6 1-0

[Event "Capablanca Memorial op-A 46th"]
[Site "Havana"]
[Date "2011.05.13"]
[Round "3"]
[White "Romero Nunez, Wendy"]
[Black "Wohl, Aleksandar H"]
[Result "1/2-1/2"]
[WhiteElo "2132"]
[BlackElo "2411"]
[PlyCount "104"]
[EventDate "2011.05.11"]
[EventType "swiss"]
[EventRounds "10"]
[EventCountry "CUB"]
[SourceTitle "CBM 142 Extra"]
[Source "ChessBase"]
[SourceDate "2011.06.27"]
[SourceVersion "1"]
[SourceVersionDate "2011.06.27"]
[SourceQuality "1"]

1. d4 e6 2. c4 b6 3. Nf3 Bb7 4. g3 Bb4+ 5. Bd2 a5 6. Bg2 Nf6 7. 0-0 0-0 8. Nc3 d6 9. b3 Nbd7 10. a3 Bxc3 11. Bxc3 Ne4 12. Bb2 f5 13. d5 exd5 14. cxd5 Qe7 15. Rc1 Rac8 16. Nd4 Bxd5 17. Nb5 Qf7 18. Bxe4 fxe4 19. Rxc7 Rxc7 20. Nxc7 Bxb3 21. Qxd6 Bc4 22. Bd4 Rc8 23. Rb1 Nc5 24. Nb5 Bxe2 25. Qxb6 Nd7 26. Qxa5 Qf5 27. Qb4 e3 28. Bxe3 Ne5 29. Nd4 Nf3+ 30. Nxf3 Bxf3 31. Qb5 Qe6 32. h4 Bc6 33. Qf1 Qe4 34. Kh2 Rf8 35. Rb4 Qf3 36. Bc5 Rf5 37. Rb8+ Kf7 38. Rf8+ Kg6 39. Rxf5 Kxf5 40. Bf8 g5 41. hxg5 Kxg5 42. Qc1+ Kf5 43. Qc5+ Kg6 44. Qd6+ Kf5 45. Qc5+ Kg6 46. Qd6+ Kf5 47. Qf4+ Qxf4 48. gxf4 Kxf4 49. Bc5 Ke5 50. Kg3 Kd5 51. Bb4 Bd7 52. f4 Kc6 1/2-1/2

[Event "Havana Province-ch 1st Cat (Women)"]
[Site "Havana"]
[Date "2010.11.04"]
[Round "14"]
[White "Romero Nunez, Wendy"]
[Black "Espinosa Garcia, Sandra"]
[Result "1/2-1/2"]
[WhiteElo "2091"]
[BlackElo "2132"]
[PlyCount "44"]
[EventDate "2010.10.19"]
[EventType "tourn"]
[EventRounds "14"]
[EventCountry "CUB"]
[SourceTitle "EXT 2019"]
[Source "ChessBase"]
[SourceDate "2018.10.10"]
[SourceVersion "1"]
[SourceVersionDate "2018.10.10"]
[SourceQuality "1"]

1. e4 c5 2. Nf3 Nc6 3. Bc4 g6 4. c3 Bg7 5. 0-0 d6 6. d4 cxd4 7. cxd4 Nf6 8. Re1 0-0 9. h3 Na5 10. Bf1 Qb6 11. Nc3 Bd7 12. e5 Ne8 13. Nd5 Qd8 14. Bg5 f6 15. exf6 exf6 16. Bd2 Nc6 17. Qb3 Kh8 18. Bd3 Nc7 19. Re4 Bf5 20. Rh4 Bxd3 21. Qxd3 f5 22. Nxc7 Qxc7 1/2-1/2

[Event "Havana Province-ch 1st Cat (Women)"]
[Site "Havana"]
[Date "2010.10.24"]
[Round "6"]
[White "Romero Nunez, Wendy"]
[Black "Rodriguez Caballero, Mayrelis"]
[Result "1/2-1/2"]
[WhiteElo "2091"]
[BlackElo "1992"]
[PlyCount "52"]
[EventDate "2010.10.19"]
[EventType "tourn"]
[EventRounds "14"]
[EventCountry "CUB"]
[SourceTitle "EXT 2019"]
[Source "ChessBase"]
[SourceDate "2018.10.10"]
[SourceVersion "1"]
[SourceVersionDate "2018.10.10"]
[SourceQuality "1"]

1. d4 d5 2. c4 c6 3. Nc3 Nf6 4. e3 Bf5 5. Qb3 Qd7 6. cxd5 cxd5 7. Nf3 e6 8. Bb5 Nc6 9. Ne5 Qc7 10. Qa4 Rc8 11. Qxa7 Bd6 12. Nxc6 bxc6 13. Qxc7 Rxc7 14. Be2 0-0 15. 0-0 Rb8 16. b3 e5 17. Bb2 exd4 18. exd4 Rbc8 19. Bf3 Re7 20. a3 Bd3 21. Rfd1 Bc2 22. Rdc1 Bf5 23. Rf1 Bd3 24. Rfd1 Bc2 25. Rf1 Bd3 26. Rfd1 Bc2 1/2-1/2

[Event "Capablanca Memorial op 45th"]
[Site "Havana"]
[Date "2010.06.12"]
[Round "3"]
[White "Romero Nunez, Wendy"]
[Black "Alarcon Casellas, Rolando"]
[Result "0-1"]
[WhiteElo "2125"]
[BlackElo "2410"]
[PlyCount "98"]
[EventDate "2010.06.10"]
[EventType "swiss"]
[EventRounds "10"]
[EventCountry "CUB"]
[SourceTitle "CBM 137 Extra"]
[Source "ChessBase"]
[SourceDate "2010.09.01"]
[SourceVersion "1"]
[SourceVersionDate "2010.09.01"]
[SourceQuality "1"]

1. d4 d5 2. c4 c6 3. cxd5 cxd5 4. Nc3 Nc6 5. Bf4 Nf6 6. Nf3 Bf5 7. e3 e6 8. Bd3 Bxd3 9. Qxd3 Be7 10. h3 0-0 11. 0-0 a6 12. Rfc1 Rc8 13. Na4 Ne4 14. Qd1 b5 15. Nc3 Nd6 16. b3 Qb6 17. Ne5 Qb7 18. Nd3 Qa7 19. Ne2 Ne4 20. Ng3 Ba3 21. Rc2 Qe7 22. Nxe4 dxe4 23. Nc5 e5 24. Bg3 exd4 25. exd4 Nxd4 26. Qxd4 Bxc5 27. Rxc5 Qxc5 28. Qxc5 Rxc5 29. Bd6 Rc2 30. Bxf8 Kxf8 31. a4 Rb2 32. axb5 axb5 33. Re1 Rxb3 34. Rxe4 Rb1+ 35. Kh2 b4 36. g3 b3 37. Rb4 Ke7 38. Rb7+ Ke6 39. h4 Kd5 40. Rxf7 Kc6 41. Rf8 Rd1 42. Rb8 Rd3 43. Kg2 Kc5 44. Kf1 Kc4 45. Rc8+ Kb4 46. Rb8+ Kc3 47. Rc8+ Kd2 48. Rb8 Kc2 49. Ke2 Rc3 0-1

[Event "Havana Province-ch sf Fase 1"]
[Site "Havana"]
[Date "2010.05.10"]
[Round "4"]
[White "Perera Alfonso, Rene Humberto"]
[Black "Romero Nunez, Wendy"]
[Result "0-1"]
[WhiteElo "2067"]
[BlackElo "2125"]
[PlyCount "68"]
[EventDate "2010.05.05"]
[EventType "swiss"]
[EventRounds "9"]
[EventCountry "CUB"]
[EventCategory "1"]
[SourceTitle "EXT 2019"]
[Source "ChessBase"]
[SourceDate "2018.10.10"]
[SourceVersion "1"]
[SourceVersionDate "2018.10.10"]
[SourceQuality "1"]

1. e4 c5 2. Nf3 e6 3. d4 cxd4 4. Nxd4 a6 5. Bd3 Nf6 6. 0-0 Qc7 7. c4 g6 8. Re1 d6 9. Nc3 Bg7 10. Be3 0-0 11. f3 b6 12. Bf1 Bb7 13. Rc1 Nbd7 14. Re2 Rac8 15. Rd2 Rfe8 16. Ndb5 axb5 17. Nxb5 Qb8 18. Nxd6 Nd5 19. Nxe8 Nxe3 20. Qe2 Nxf1 21. Rxf1 Rxe8 22. Rxd7 Bc6 23. Rd2 Be5 24. g3 f5 25. Rfd1 fxe4 26. fxe4 Qa8 27. a3 Bc7 28. Rd4 e5 29. R4d3 Bxe4 30. Rd7 Bf3 31. Qe3 Qc6 32. Qh6 Qc5+ 33. Kf1 Qxc4+ 34. Kf2 Qe2+ 0-1

[Event "Maria Teresa Mora Memorial IM2"]
[Site "Havana"]
[Date "2010.03.16"]
[Round "12"]
[White "Romero Nunez, Wendy"]
[Black "Leon Valdes, Jony Wilson"]
[Result "1-0"]
[WhiteElo "2106"]
[BlackElo "2143"]
[PlyCount "59"]
[EventDate "2010.03.05"]
[EventType "tourn"]
[EventRounds "13"]
[EventCountry "CUB"]
[SourceTitle "EXT 2019"]
[Source "ChessBase"]
[SourceDate "2018.10.10"]
[SourceVersion "1"]
[SourceVersionDate "2018.10.10"]
[SourceQuality "1"]

1. d4 d5 2. c4 e6 3. Nc3 f5 4. g3 Nf6 5. Bg2 c6 6. Nf3 Bd6 7. Bf4 Bxf4 8. gxf4 0-0 9. e3 Nbd7 10. Ne5 Ne4 11. Bxe4 fxe4 12. Qg4 Nxe5 13. dxe5 Qe7 14. Rg1 Bd7 15. Qg5 Qf7 16. 0-0-0 Kh8 17. Rg4 h6 18. Qh4 Rg8 19. Rdg1 Kh7 20. Qg3 b5 21. cxb5 cxb5 22. Ne2 Rac8+ 23. Kb1 g6 24. Nd4 a5 25. Qh3 b4 26. Rh4 Qf8 27. Nxe6 Bxe6 28. Qxe6 Qc5 29. Qd7+ Rg7 30. Rxh6+ 1-0

[Event "Maria Teresa Mora Memorial IM2"]
[Site "Havana"]
[Date "2010.03.14"]
[Round "10"]
[White "Romero Nunez, Wendy"]
[Black "Madrazo Ponciano, Yandiel"]
[Result "1-0"]
[WhiteElo "2106"]
[BlackElo "2115"]
[PlyCount "97"]
[EventDate "2010.03.05"]
[EventType "tourn"]
[EventRounds "13"]
[EventCountry "CUB"]
[SourceTitle "EXT 2019"]
[Source "ChessBase"]
[SourceDate "2018.10.10"]
[SourceVersion "1"]
[SourceVersionDate "2018.10.10"]
[SourceQuality "1"]

1. d4 d5 2. c4 Nf6 3. Nc3 e6 4. Nf3 c6 5. e3 Nbd7 6. Qc2 Bd6 7. b3 0-0 8. Be2 Qe7 9. Bb2 e5 10. cxd5 e4 11. dxc6 exf3 12. cxd7 fxe2 13. dxc8Q Raxc8 14. Kxe2 Nd5 15. Qd2 Nf4+ 16. Kf1 Ng6 17. g3 h5 18. h4 Rfd8 19. Qe2 Bb4 20. Rc1 Bxc3 21. Bxc3 Qe4 22. f3 Qe6 23. Kg2 Ne7 24. Bd2 Rxd4 25. Rxc8+ Nxc8 26. Bc3 Rd7 27. Rc1 Ne7 28. e4 Nc6 29. Qb5 Qh6 30. Re1 Qd6 31. Qg5 f6 32. Qxh5 Qd3 33. Qe8+ Kh7 34. Qh5+ Kg8 35. Qc5 Qc2+ 36. Kh3 Ne5 37. f4 Ng6 38. Qc8+ Nf8 39. Qc4+ Kh7 40. Bb4 Qxc4 41. bxc4 Ne6 42. e5 f5 43. Bd6 g6 44. a4 Kg8 45. a5 Kf7 46. Rb1 Nd4 47. a6 bxa6 48. Ra1 Rb7 49. Rxa6 1-0

[Event "Maria Teresa Mora Memorial IM2"]
[Site "Havana"]
[Date "2010.03.12"]
[Round "8"]
[White "Miranda Rodriguez, Tania"]
[Black "Romero Nunez, Wendy"]
[Result "1-0"]
[WhiteElo "2122"]
[BlackElo "2106"]
[PlyCount "47"]
[EventDate "2010.03.05"]
[EventType "tourn"]
[EventRounds "13"]
[EventCountry "CUB"]
[SourceTitle "EXT 2019"]
[Source "ChessBase"]
[SourceDate "2018.10.10"]
[SourceVersion "1"]
[SourceVersionDate "2018.10.10"]
[SourceQuality "1"]

1. e4 c5 2. Nf3 e6 3. d4 cxd4 4. Nxd4 a6 5. Bd3 Nf6 6. 0-0 Qc7 7. c4 g6 8. Qe2 d6 9. f4 Bg7 10. Be3 0-0 11. Nc3 Re8 12. Qf3 b6 13. Rae1 Bb7 14. Qh3 Nc6 15. Nxc6 Bxc6 16. f5 Nd7 17. Bg5 Ne5 18. f6 Bf8 19. Bh6 Red8 20. Bc2 Kh8 21. Rf3 Nd7 22. Bxf8 Rxf8 23. Qh6 Rg8 24. Qxh7+ 1-0

[Event "Maria Teresa Mora Memorial IM2"]
[Site "Havana"]
[Date "2010.03.10"]
[Round "6"]
[White "Alvarez Morales, Dayana Giselle"]
[Black "Romero Nunez, Wendy"]
[Result "1-0"]
[WhiteElo "2025"]
[BlackElo "2106"]
[PlyCount "47"]
[EventDate "2010.03.05"]
[EventType "tourn"]
[EventRounds "13"]
[EventCountry "CUB"]
[SourceTitle "EXT 2019"]
[Source "ChessBase"]
[SourceDate "2018.10.10"]
[SourceVersion "1"]
[SourceVersionDate "2018.10.10"]
[SourceQuality "1"]

1. e4 c5 2. Nf3 e6 3. d4 cxd4 4. Nxd4 a6 5. Nc3 b5 6. Bd3 Qb6 7. Nb3 Qc7 8. a4 b4 9. Ne2 Nf6 10. Bf4 d6 11. c3 bxc3 12. Rc1 Bb7 13. Nxc3 Nc6 14. 0-0 Be7 15. Nb5 Qd7 16. Na5 e5 17. Nxb7 Qxb7 18. Bg5 0-0 19. Bxf6 gxf6 20. Nc3 Nb4 21. Nd5 Rac8 22. Nxe7+ Qxe7 23. Rxc8 Rxc8 24. Qg4+ 1-0